| 000 | 00736nam a2200277Ia 4500 | ||
|---|---|---|---|
| 005 | 20251020182503.0 | ||
| 008 | 200515s9999 xx 000 0 und d | ||
| 020 | _a84-380-0149-1 | ||
| 082 | _a625.72/K79 | ||
| 100 | _aDel Val, Miguel Ángel | ||
| 100 | _aKraemer, Carlos | ||
| 100 | _aMorilla Abad, Ignacio | ||
| 245 | 0 | _aCarreteras II : Explanaciones. Drenaje. Firmes Pavimentos | |
| 250 | _a1a ed. | ||
| 260 | _aMadrid | ||
| 260 | _bColegio de Ingenieros de Caminos, Canales y Puerto | ||
| 260 | _c1999 | ||
| 300 | _ap. irregular | ||
| 300 | _bil., tbl., graf., map. | ||
| 490 | _aColección Escuelas | ||
| 500 | _a1 ejemplar | ||
| 650 | _aCARRETERAS | ||
| 650 | _aPAVIMENTOS | ||
| 942 | _cLIB | ||
| 999 |
_c1207 _d1207 |
||